000 00827nam a2200205 a 4500
008 120416s1996 ||||||||||||||||| || u
020 _a0821327518
050 _aIBRD(06)CS/1994/7
110 _aWorld Bank
245 1 0 _aChina: foreign trade reform
260 _aWashington, D.C.
_bWorld Bank
_c1996
300 _axxix, 334p. : ill.
350 _a0.00
490 _aWorld Bank Country Study
650 _aCHINA--FOREIGN ECONOMIC RELATIONS
650 _aCHINA--COMMERCIAL POLICY
650 _aEXPORTS--CHINA
995 _aSPECIAL COLLECTIONS
_D0.00
_e026566
_FCBU-MAIN LIBRARY (Kitwe)
_H1
_I0.00
_jIBRD(06)CS/1994/7A
_UAVAILABLE
_y026566
_ZInternational Publications
995 _aSPECIAL COLLECTIONS
_D0.00
_e019504
_FCBU-MAIN LIBRARY (Kitwe)
_H1
_I0.00
_jIBRD(06)CS/1994/7B
_UAVAILABLE
_WJul 9, 2007
_y019504
_ZInternational Publications
999 _c78218
_d78218